000
00189 a2200097 4500
020
_a
9780061161551
041
_a
spa
100
_a
Allende isabel
245
_a
Ines del alma mia
942
_c
BK
999
_c
10670
_d
10670